Effects of bamboo as a substrate for indigenous food prodution in fish ponds on the growth and survival of Oreochromis Andersonii/ (Record no. 2069)

MARC details
000 -LEADER
fixed length control field 00448nam a22001337a 4500
003 - CONTROL NUMBER IDENTIFIER
control field OSt
005 - DATE AND TIME OF LATEST TRANSACTION
control field 20250910100052.0
008 - FIXED-LENGTH DATA ELEMENTS--GENERAL INFORMATION
fixed length control field 250910b |||||||| |||| 00| 0 eng d
040 ## - CATALOGING SOURCE
Transcribing agency KMU
100 ## - MAIN ENTRY--PERSONAL NAME
Personal name Chuni, Cosam
Relator term Fisheries and Aquaculture
245 ## - TITLE STATEMENT
Title Effects of bamboo as a substrate for indigenous food prodution in fish ponds on the growth and survival of Oreochromis Andersonii/
Statement of responsibility, etc. Cosam Chuni
260 ## - PUBLICATION, DISTRIBUTION, ETC.
Place of publication, distribution, etc. Chinsali:
Name of publisher, distributor, etc. KMU,
Date of publication, distribution, etc. 2014.
942 ## - ADDED ENTRY ELEMENTS (KOHA)
Koha item type Student Project Report
Suppress in OPAC No
Holdings
Withdrawn status Lost status Damaged status Not for loan Collection Home library Current library Shelving location Date acquired Total Checkouts Date last seen Price effective from Koha item type
        Reference Kapasa Makasa University Kapasa Makasa University Reference 10.09.2025   10.09.2025 10.09.2025 Student Project Report